000 01421cam a22003857a 4500
003 CHAP
005 20220329142358.0
008 001018d2000 mx r 00110 spa d
010 _a82643
011 _a83615
035 _a94130
040 _cCHAP
090 _aTesis
100 0 0 _aDomínguez Joachin, Joaquín.
_933833
245 1 0 _aImpacto de sistemas de labranza, arreglos topológicos y densidades de siembra sobre el rendimiento de maíz (Zea mays L.) en Chapingo, México
_c/por Joaquín Domínguez Joachin.
260 _aChapingo, Méx. :
_bEl autor,
_c2000.
300 _a52 h. :
_bcuads., gráfs.
502 _aTesis (Ing. Agr. Esp. en Parasitología Agrícola) -- UACH. Departamento de Parasitología Agrícola.
590 _aALEPH
_b10
_c20130110
_lUCH01
_h1438
590 _aBATCH-UPD
_b10
_c20130110
_lUCH01
_h0338
590 _aBATCH-UPD
_b10
_c20130110
_lUCH01
_h1745
590 _aBATCH-UPD
_b10
_c20130410
_lUCH01
_h0012
590 _aBATCH-UPD
_b10
_c20130914
_lUCH01
_h1122
590 _aCONVERSION
_b10
_c20130109
_lUCH01
_h1346
650 1 4 _aCultivos
_zMéxico.
_930363
650 1 4 _aDensidad de siembra.
_931812
650 1 4 _aLabranza.
_964303
650 1 4 _aMaíz
_xRendimiento.
_971051
650 1 4 _aTopología.
_9113916
901 _aBK
905 _aEdna Luz
942 _cFOLL
949 _bBC
_cTES
_d33724000803375
_eTS2
_fc.2
_h37288
_i94130
_sb
949 _bBC
_cTES
_d941301
_eTS1
_h37287
_i94130
_sb
999 _c82643
_d82643